Science Quiz

Random Science or Chemistry Quiz

Stereochemistry Quiz Stats

Quiz not verified by Sporcle

Challenge
Share
Tweet
Score 0/20 Timer 12:00
0 Plays Today
% Correct
Diastereomers
75.4%
Diastereomers
58.8%
Structural Isomers
58.1%
Enantiomers
56.1%
Identical
55.8%
Identical
45.8%
Diastereomers
45.4%
Enantiomers
43.1%
Diastereomers
42.3%
Enantiomers
38.5%
% Correct
Enantiomers
38.4%
Structural Isomers
38.4%
Structural Isomers
35.1%
Identical
27.7%
Identical
27.2%
Diastereomers
23.5%
Diastereomers
21.4%
Identical
21.2%
Enantiomers
18.3%
Enantiomers
13.5%

You're not logged in!

Compare scores with friends on all Sporcle quizzes.
Sign Up with Email
OR
Log In

You Might Also Like...

Show Comments

Extras

Top Quizzes Today


Score Distribution

Your Account Isn't Verified!

In order to create a playlist on Sporcle, you need to verify the email address you used during registration. Go to your Sporcle Settings to finish the process.